000 00505nam a2200193Ia 4500
003 GCL
008 140319s9999 xx 000 0 eng d
040 _aGCL /
_cGCL
082 0 4 _a927
_bG G
100 1 _aGOLDFAYN, GEORGES
245 1 0 _aGRETA GARBO: BIOGRAPHIE /
_cGOLDFAYN, GEORGES
260 _a[S.N] :
_bEDITIONS DU SEUIL ،
_c1996
300 _a558 P
650 0 4 _aBIOGRAPHIES
650 0 4 _aARTISTS - BIOGRAPHY
650 0 4 _aARTISTS - UNITED STATES
650 0 4 _aGREAT GARBO
942 _2ddc
_cBK
999 _c14913
_d14913